LEADER 03261nam 22006495 450 001 9910588599603321 005 20250717000225.0 010 $a3-031-09083-7 024 7 $a10.1007/978-3-031-09083-7 035 $a(MiAaPQ)EBC7076069 035 $a(Au-PeEL)EBL7076069 035 $a(CKB)24723936900041 035 $a(PPN)264192737 035 $a(DE-He213)978-3-031-09083-7 035 $a(EXLCZ)9924723936900041 100 $a20220818d2022 u| 0 101 0 $aeng 135 $aurcnu|||||||| 181 $ctxt$2rdacontent 182 $cc$2rdamedia 183 $acr$2rdacarrier 200 10$aBrownfield Transformation in Fragile Territories $eAn Interreg-Based Action Research /$fby Marcello Modica, Elena Solero 205 $a1st ed. 2022. 210 1$aCham :$cSpringer International Publishing :$cImprint: Springer,$d2022. 215 $a1 online resource (144 pages) 225 1 $aPoliMI SpringerBriefs,$x2282-2585 311 08$aPrint version: Modica, Marcello Brownfield Transformation in Fragile Territories Cham : Springer International Publishing AG,c2022 9783031090820 320 $aIncludes bibliographical references and index. 330 $aThis book presents and critically evaluates the results of a European territorial cooperation project addressing the planning challenge of brownfield transformation in fragile territories. Set against the backdrop of the current scenario of deindustrialisation in the European Alps, the book describes how to read and interpret the spatial condition of industrial brownfields in peripheral mountain areas as complex transformation sites. Through key theoretical references, well-documented experiences and field activities, the book explores and advances an innovative methodology of design-based participatory planning conceived specifically for fragile socioeconomic and environmental contexts. The empirical basis for such a methodological exploration is provided by four pilot sites distributed between Austria, Italy, France and Slovenia, identified in the cooperation project as highly representative and recurring situations. The book includes a comparative review of the work carried out for the pilot sites, as well as the planning outcomes generated, providing a clear and operative reference for scholars, professionals and public officers called to face similar experiences. 410 0$aPoliMI SpringerBriefs,$x2282-2585 606 $aHuman geography 606 $aSustainability 606 $aUrban economics 606 $aSociology, Urban 606 $aHuman Geography 606 $aSustainability 606 $aUrban Economics 606 $aUrban Sociology 615 0$aHuman geography. 615 0$aSustainability. 615 0$aUrban economics. 615 0$aSociology, Urban. 615 14$aHuman Geography. 615 24$aSustainability. 615 24$aUrban Economics. 615 24$aUrban Sociology. 676 $a333.76094 676 $a333.77153094 700 $aModica$b Marcello$01253971 702 $aSolero$b Elena 801 0$bMiAaPQ 801 1$bMiAaPQ 801 2$bMiAaPQ 906 $aBOOK 912 $a9910588599603321 996 $aBrownfield Transformation in Fragile Territories$92907810 997 $aUNINA